Keloğlan masalları / (Record no. 23506)

MARC details
000 -BAŞLIK
Sabit Uzunluktaki Kontrol Alanı 00665nam a22002057a 4500
003 - KONTROL NUMARASI KİMLİĞİ
Kontrol Alanı koha_MIRAKIL
005 - EN SON İŞLEM TARİHİ ve ZAMANI
Kontrol Alanı 20260416110456.0
008 - SABİT UZUNLUKTAKİ VERİ ÖGELERİ - GENEL BİLGİ
Sabit Alan 260416b tur||||| |||| 00| 0 tur d
020 ## - ISBN - ULUSLARARASI STANDART KİTAP NUMARASI
Isbn 9786053560579
040 ## - KATALOGLAMA KAYNAĞI
Özgün Kataloglama Kurumu TR-IsEVY
Kataloglama Dili tur
Çeviri Kurumu TR-IsEVY
082 ## - DEWEY ONU SINIFLAMA SİSTEMİ
Sınıflama Numarası 398.2 KÖS/K
100 ## - KİŞİ ADI
Yazar Adı (Kişi adı) Köseoğlu, Hamdullah
245 #0 - ESER ADI BİLDİRİMİ
Başlık Keloğlan masalları /
Sorumluluk Bildirimi Hamdullah Köseoğlu ; resimleyen Esra İlter Demirbilek.
260 ## - YAYIN, DAĞITIM, VB.
Yayın Yeri İstanbul :
Yayınevi Bu Yayınevi,
Yayın Tarihi 2012.
300 ## - FİZİKSEL TANIMLAMA
Sayfa, Cilt vb. 215 s. :
Diğer fiziki detaylar renkli resimli ;
Boyutları 21 cm.
600 14 - KONU BAŞLIĞI EK GİRİŞİ - KİŞİ ADI
Kişi Adı Keloğlan.
650 ## - KONU BAŞLIĞI EK GİRİŞ - KONU TERİMİ
Konusal terim veya coğrafi ad Halk Bilimi.
Alt başlık biçimi Masallar.
-- Çocuk Masalları.
700 1# - EK GİRİŞ - KİŞİ ADI
Yazar Adı (Kişi adı) Demirbilek, Esrsa İlter.
Ünvan resimleyen.
942 ## - EK GİRİŞ ÖGELERİ (KOHA)
Source of classification or shelving scheme Dewey Decimal Classification
Koha item type Kitap
Holdings
Kayıp Durumu Sınıflandırma Kaynağı Hasarlı Durumu Koleksiyon Kodu Kalıcı Konum Mevcut Konum Kayıt Tarih Edinim Kaynağı Toplam Ödünçverme Yer Numarası Demirbaş Numarası Son Görülme Tarihi Fatura Tarihi Materyal Türü
  Dewey Decimal Classification   İlkokul İLKOKUL KÜTÜPHANESİ İLKOKUL KÜTÜPHANESİ 16/04/2026 Bağış   398.2 KÖS/K 25117 16/04/2026 16/04/2026 Kitap